Normal view
MARC view
- MS-MEM-8 MSTHESIS
Entry Topical Term
001 - CONTROL NUMBER
- control field: 70012
003 - CONTROL NUMBER IDENTIFIER
- control field: NUST
005 - DATE AND TIME OF LATEST TRANSACTION
- control field: 20210628204340.0
008 - FIXED-LENGTH DATA ELEMENTS
- fixed length control field: 210628|| aca||aabn | a|a d
040 ## - CATALOGING SOURCE
- Original cataloging agency: NUST
- Transcribing agency: NUST
150 ## - HEADING--TOPICAL TERM
- Topical term or geographic name entry element: MS-MEM-8 MSTHESIS
670 ## - SOURCE DATA FOUND
- Source citation: Work cat.: (NUST): MUHAMMAD AWAIS MALIK 34513, TH-SOF-1384-AN ANALYTICAL ON RETURN ON INVESTMENT OF USING INTEGRATED BUILDING AUTOMATION SYSTEM FOR ELECTRICAL ENERGY MANAGEMENT AT MEGA PROJECTS IN PAKISTAN, CASE, 2017
